| 000 | 01413nam a2200301 4500 | ||
|---|---|---|---|
| 003 | EC-UNACH | ||
| 005 | 20251107134733.0 | ||
| 006 | s||||gr|||| 00| 00 | ||
| 008 | 150116t9999 mx r gr 000 0 spa d | ||
| 020 | _a978-99954-2-814-3 | ||
| 040 |
_aEC-UNACH _cEC-UNACH |
||
| 041 | _aspa | ||
| 082 | 0 | 4 |
_223 _a070.4 _bL017969 |
| 110 | _aEdiciones plural | ||
| 245 | _aQue paso con el proceso de cambio? , ideales acertados , medios equivocados, resultados trastrocados | ||
| 250 | _aPrimera edición | ||
| 264 |
_aBolivia _bEdiciones plural _c2013 |
||
| 300 | _a245 | ||
| 505 | _a- Capitulo 1- El análisis político de las políticas publicas - -Capitulo 2- América latina en el siglo XXI: el retorno de las políticas de promoción productiva - - Capitulo 3- Incorporación del patrón del crecimiento extractivista - - Capitulo 4- Definición del problema y la hipótesis causal propuesta - - Capitulo 5- Las políticas marco y microeconómica - - Capitulo 6- Evaluación de los resultados de crecimiento económico - - Capitulo 7- La generación de gobernanza una lectura desde la medida | ||
| 650 | _aPOLITICAS PUBLICAS | ||
| 650 | _aDESARROLLO PRODUCTIVO EN AMERICA LATINA | ||
| 650 | _aPOLITICAS MACRO Y MICROECONÓMICA | ||
| 700 | _aFernanda Wanderley | ||
| 942 |
_2ddc _c1 |
||
| 999 | _c14158 | ||